1663 1393 1117 1257 1350 1288 1338 1880 2000 1700 1569 1069 1645 1911 1793 1198 1326 1343 1220 1101 1394 1398 1162 1609 1408 1999 1945 1174 1542 1963 1792 1791 1753 1561 1735 1543 1052 1861 1219 1378 1778 1604 1445 1313 1864 1323 1436 1772 1248 1160 1996 1112 1645 1263 1443 1490 1018 1944 1872 1451 1532 1390 1889 1155 1495 1120 1019 1538 1207 1528 1443 1872 1112 1926 1071 1720 1150 1571 1271 1175 1041 1256 1530 1726 1597 1387 1271 1502 1073 1367 1803 1749 1196 1993 1044 1234 1464 1147 1286 BCNSPRNW ULIB Ver.6.0+V

เปลี่ยนเป็นภาษาไทย

Change to English
 แสดงรายละเอียดบรรณานุกรม
  กลับหน้าหลัก

Brief Record : Get Marc (ISO 2709) : E-mail record : QR code < ปิดหน้าต่าง
LEADER : 00000nam 2200000uu 4500
001    13399109723
003     ULIB
008    110410s2544||||th 000 0 tha d
060 04 WC1JT3^bท689ร 2544
110 2  กรมควบคุมโรคติดต่อ^bกองโรคเท้าช้าง
245 10 รายงานประจำปี 2543/^cกองโรคเท้าช้าง
260    กรุงเทพฯ :^bกองมาลาเรีย,^c2544
300    103 หน้า :^bภาพประกอบ, ภาพคนเหมือน, แผนที่ ;^c26 ซม.
310    รายปี
500    ข้อมูลส่วนใหญ่เป็นตาราง
610 27 กองโรคเท้าช้าง^vรายงานประจำปี
610 27 กองโรคเท้าช้าง^xการจัดส่วนราชการ
650  7 โรคเท้าช้าง^zไทย^xสถิติ
730 02 รายงานประจำปี (กองโรคเท้าช้าง) 2544
945    ^p0^l0^i014543
995    ทศพร
999 ^a ใช้งานได้ทุกระบบ
รายการนี้ยังไม่มีแท็ก
คุณยังไม่ได้ล็อกอิน คุณสามารถมีกิจกรรมร่วมกับเว็บไซต์ได้ แต่ต้องล็อกอินก่อน ::
  ล็อกอิน

รายการสื่อสารสนเทศ

ลำดับที่ ประเภท เลขเรียก/บาร์โค้ด สถานที่ สถานะ
- ไม่พบข้อมูล -

BibComment


ยังไม่เคยถูกคอมเมนท์

คอมเมนท์ทรัพยากรรายการนี้
  คอมเมนท์: รายงานประจำปี 254..


 Copyright 2026. Bcnsprnw @Library